ՀՀ Գիտությունների ազգային ակադեմիայի հիմնարար գիտական գրադարան  =   Fundamental Scientific Library of NAS RA

Мастер, мудрец, сказочник : (Record no. 301508)

MARC details
000 -LEADER
fixed length control field 00801nam a2200205 a 4500
001 - CONTROL NUMBER
control field 000840225
003 - CONTROL NUMBER IDENTIFIER
control field AM-YeHGA
005 - DATE AND TIME OF LATEST TRANSACTION
control field 20250617144833.0
008 - FIXED-LENGTH DATA ELEMENTS--GENERAL INFORMATION
fixed length control field 111020s1978 ru a r 000 0brus d
040 ## - CATALOGING SOURCE
Original cataloging agency AM-YeHGA
041 0# - LANGUAGE CODE
Language code of text/sound track or separate title rus
090 ## - LOCALLY ASSIGNED LC-TYPE CALL NUMBER (OCLC); LOCAL CALL NUMBER (RLIN)
-- 303207
245 00 - TITLE STATEMENT
Title Мастер, мудрец, сказочник :
Remainder of title Воспоминания о П. Бажове /
Statement of responsibility, etc. Сост. В.А. Стариков.
260 ## - PUBLICATION, DISTRIBUTION, ETC.
Place of publication, distribution, etc. Москва :
Name of publisher, distributor, etc. Советский писатель,
Date of publication, distribution, etc. 1978.
300 ## - PHYSICAL DESCRIPTION
Extent 590 с. :
Other physical details илл.
500 ## - GENERAL NOTE
General note К 100-летию со дня рождения
600 14 - SUBJECT ADDED ENTRY--PERSONAL NAME
Personal name Бажов, Павел Петрович
Dates associated with a name 1879-1950
650 14 - SUBJECT ADDED ENTRY--TOPICAL TERM
Topical term or geographic name entry element Литературные статьи и воспоминания
700 1# - ADDED ENTRY--PERSONAL NAME
Personal name Стариков, Виктор Александрович
Relationship com
Holdings
Withdrawn status Lost status Damaged status Not for loan Collection Home library Current library Date acquired Total checkouts Full call number Barcode Date last seen Price effective from Koha item type Public note
        General Fundamental Scientific Library Fundamental Scientific Library 09/01/2017   PII/416679 FL0431829 09/01/2017 09/01/2017 Գրքեր / Books 30 Days Loan


ՀՀ ԳԱԱ հիմնարար գիտական գրադարան
ՀՀ,Երևան 0019
Մարշալ Բաղրամյան 24/6
հեռախոս:(374-10) 52-47-50
Հետադարձ կապ

All site content, except where otherwise noted, is licensed under a
Creative Commons License